| 000 | 00620nam a2200217Ia 4500 | ||
|---|---|---|---|
| 005 | 20250508164201.0 | ||
| 008 | 008 250505s9999 xx 000 0 eng d | ||
| 020 | _a0-8264-5264-7 | ||
| 037 | _aTextBook | ||
| 040 |
_aFEDL _beng _cFEDL |
||
| 041 |
_aeng _2eng |
||
| 084 |
_a707, PRE _qFEDL |
||
| 100 |
_aPrentice Roy Ed. _9777619 |
||
| 245 | 0 | _aTeaching art and design : Addressing issues and identifying directions | |
| 260 |
_aLondon, UK _bContinuum _c2000 |
||
| 300 | _aix,178p | ||
| 365 |
_aGBP _b19.99 |
||
| 650 |
_aArts - Teaching _9774920 |
||
| 942 |
_cTB _h707, PRE |
||
| 999 |
_c1387468 _d1387468 |
||